El consultor del dentista y de los que padecen de la boca : (Record no. 156668)

MARC details
000 -LEADER
campo de control de longitud fija 00890nam a22001935i 4500
001 - NÚMERO DE CONTROL
campo de control 156668
003 - IDENTIFICADOR DE NÚMERO DE CONTROL
campo de control ES-MaACL
005 - FECHA Y HORA DE LA ÚLTIMA TRANSACCIÓN
campo de control 20230906210452.0
008 - DATOS DE LONGITUD FIJA--INFORMACIÓN GENERAL
campo de control de longitud fija 990719s1871 sp |||| | spa d
080 ## - NÚMERO DE LA CLASIFICACIÓN DECIMAL UNIVERSAL
Número de la Clasificación Decimal Universal 616.31
100 1# - ENTRADA PRINCIPAL--NOMBRE DE PERSONA
Nombre de persona Koth, Carlos.
9 (RLIN) 128483
245 13 - MENCIÓN DEL TÍTULO
Título El consultor del dentista y de los que padecen de la boca :
Resto del título o sea, resumen de las causas productoras de las enfermedades de la boca y medios con mejor éxito empleados para evitar los males y su curación /
Mención de responsabilidad, etc. por el Dr. D. Carlos Koth.
260 ## - PUBLICACIÓN, DISTRIBUCIÓN, ETC.
Lugar de publicación, distribución, etc. Madrid :
Nombre del editor, distribuidor, etc. [s.n.],
Fecha de publicación, distribución, etc. 1871 (
Fabricante Imp. de Berenguillo)
300 ## - DESCRIPCIÓN FÍSICA
Extensión 32 p. ;
Dimensiones 15 cm.
530 ## - NOTA DISPONIBLE DE FORMULARIO FÍSICO ADICIONAL
Nota de formato físico adicional disponible Disponible en formato digital.
650 #4 - PUNTO DE ACCESO ADICIONAL DE MATERIA--TÉRMINO DE MATERIA
Término de materia o nombre geográfico como elemento de entrada Boca-
Subdivisión general Enfermedades.
9 (RLIN) 10600
852 4# - LOCALIZACIÓN
Ubicación ES-MaACL
Número de control de estantería T-117-F-5
Nota libre - Enc. hol., falto de cub. original
-- - Enc. en un vol. facticio
856 4# - LOCALIZACIÓN Y ACCESO ELECTRÓNICOS
Identificador Uniforme de Recursos <a href="http://bdh-rd.bne.es/viewer.vm?id=0000096675&page=1 ">http://bdh-rd.bne.es/viewer.vm?id=0000096675&page=1 </a>
Nota pública Biblioteca Digital Hispánica
Holdings
Estatus retirado Estado de pérdida Estado de daño No para préstamo Colección Biblioteca de origen Biblioteca actual Ubicación en estantería Fecha de adquisición Total de préstamos Signatura topográfica completa Código de barras Visto por última vez Precio de reemplazo Tipo de ítem Koha
        Colección de folletos Biblioteca del Ateneo de Madrid Biblioteca del Ateneo de Madrid Depósito folletos 17/01/2008   T-117-F-5 1163911 23/02/2023 23/02/2023 Folleto